[Event "121st U.S. Open"]
[Site "Cherry Hill"]
[Date "2021.08.06"]
[Round "7.1"]
[White "Lenderman, Alex"]
[Black "Niemann, Hans"]
[Result "1-0"]
[WhiteElo "2682"]
[BlackElo "2690"]
[Annotator "Lenderman"]
[PlyCount "57"]
[EventDate "2021.07.31"]
[EventType "swiss"]
[EventRounds "9"]
[EventCountry "USA"]
[SourceTitle "CL 11.2021"]
[SourceDate "2021.11.01"]
[SourceVersion "1"]
[SourceVersionDate "2021.11.01"]
[SourceQuality "1"]

1. d4 Nf6 2. Bg5 $5 {The good old Trompowsky! I avoid main lines for this game
because Hans plays just about everything, and I wanted to limit my preparation
to something where he was a bit more predicatble.} d5 3. e3 c5 4. Bxf6 gxf6 5.
dxc5 e6 6. Nf3 Bxc5 7. Be2 {GM Alex Shimanov played like this against me with
white, and I decided to try it for myself.} Qb6 $5 {This is a very principled
move.} 8. c4 dxc4 ({White has compensation for the pawn after} 8... Qxb2 9.
Nbd2 {.}) 9. Nbd2 c3 $1 {Giving back the pawn but spoiling my pawn structure.}
({Now} 9... Qxb2 $2 10. Rb1 Qc3 {is too ambitious for Black.}) 10. bxc3 Be7 11.
Nd4 a6 12. Rb1 Qc7 {At the board I thought I was better here because of my
lead in development, but in truth, my long-term structural problems and his
bishop pair meant I had to be careful not to be worse.} 13. Qa4+ Nd7 14. N4f3
$6 f5 15. e4 Qxc3 {I was surprised to see this move - I didn't think Black
could get away with this, given that he's behind in development. Now it seems
unnecessary to me to play this way, as Niemann could have gotten an advantage
by normal means, i.e.} (15... fxe4 16. Nxe4 (16. Qxe4 Nf6 $15) 16... b6 (16...
O-O $15)) 16. exf5 exf5 17. O-O O-O 18. Rfc1 $6 Nc5 ({Here} 18... Nb6 $1 19.
Qf4 Nd5 $1 20. Qg3+ Qg7 $17 {was very strong for black. So 18.Qf4 immediately
was the right idea.}) 19. Qf4 Qg7 20. Nc4 Be6 21. Ne3 Qf6 22. Nd4 Rfd8 23.
Ndxf5 Bf8 {[#] Here I had a deep think. I thought my opponent had a fine
position, and that he was better in the long run if he has time to play ...
Kg8-h8 and ...Ra8-c8. I had an idea to change the game, but it was risky;
still, I decided to trust my calculation and intuition and played...} 24. Rxc5
$5 (24. h4) (24. Rb6) (24. a4 {Were all solid alternatives leading to a
roughly equal position.}) 24... Bxc5 25. Ng4 Qg6 {Forced.} (25... Qh8 $4 {
loses to} 26. Qg5+ Kf8 27. Qh6+ Kg8 28. Nf6+ {.}) ({Only marginally better is} 
25... Qc3 $2 26. Nfh6+ Kf8 (26... Kh8 27. Ne5) 27. Nxf7 Bxf7 28. Ne5 {.}) 26.
Rxb7 $1 {My original intention was} (26. Ngh6+ $6 Kf8 27. Rxb7 ({the tempting} 
27. Qe5 $2 {doesn't work in light of} Bd4 28. Nxd4 Qxb1+ 29. Bf1 Rxd4 30. Qxd4
Rc8 {when Black wins}) {and while I was afraid of} 27... Bd5 $6 {here White is
fine:} (27... Rac8 $1 {when Black survives and may thrive}) 28. g3 $1 Qf6 $11 (
{and not} 28... Bxb7 $4 29. Qe5 $1 {when Black cannot defend mate without huge
material loss!})) 26... Bf8 27. Nfh6+ $1 {Confession time: I got lucky here in
two ways. Yes, my opponent made a losing blunder, but there was also an
important variation that I missed... although I still had resources, even
there!} Kh8 $4 ({I expected} 27... Bxh6 28. Nxh6+ Kg7 {and, honestly speaking,
I was at a bit of a loss with what to do here. I thought I had to play 29.Ng4,
when I'm fighting for a draw, but it turns out that I have a brilliant
tactical combination. Also, 29.Ng4?? Bxg4 30.Bxg4 Ra7! would be terrible for
me!} ({correct, by the way, was} 28... Kf8 $1 29. g3 (29. Qe5 Bd7 $1 30. Qh8+
Ke7 31. Qe5+ {leads to a forced draw}) 29... Rac8 {with a complex game.} (29...
Bd5)) 29. Rxf7+ $3 Bxf7 30. Nf5+ Kf8 31. Qb4+ $18 {and I am winning in all the
lines!}) 28. Nxf7+ $1 Bxf7 29. Ne5 $1 ({Hans must have expected} 29. Rxf7 Bg7 {
when he's equal. But now Black is losing -- what a turnaround! Just a few
minutes earlier I was thinking I was much worse and that a draw would be great,
and now I was alone at 7/7!}) 1-0

[Event "121st U.S. Open"]
[Site "Cherry Hill"]
[Date "2021.08.07"]
[Round "8.1"]
[White "Lenderman, Alex"]
[Black "Burke, John"]
[Result "1-0"]
[WhiteElo "2682"]
[BlackElo "2655"]
[Annotator "Lenderman"]
[PlyCount "119"]
[EventDate "2021.07.31"]
[EventType "swiss"]
[EventRounds "9"]
[EventCountry "USA"]
[SourceTitle "CL 11.2021"]
[SourceDate "2021.11.01"]
[SourceVersion "1"]
[SourceVersionDate "2021.11.01"]
[SourceQuality "1"]

1. Nf3 d5 2. d4 Nf6 3. c4 e6 4. e3 b6 5. Bd3 Bb7 6. O-O Bd6 7. b3 O-O 8. cxd5
exd5 9. Ba3 c5 10. Nc3 Nbd7 11. Nb5 $5 Bb8 12. Rc1 Ne4 13. Qe2 Re8 14. Nc3 cxd4
$6 15. Nxd4 Qh4 $6 {John Burke is a dynamic player who really likes attack and
initiatve. Here this tendency backfires, primarily because his a8-rook and
b7-bishop are out of play.} 16. f4 $1 {A very important move, which my
opponent admittedly missed. It's not a pretty move to make but it blocks all
of black's pieces from the attack, and he cannot really maintain the e4-square,
his only real trump in the position. White is much better, perhaps almost
winning.} a6 17. Bxe4 $1 dxe4 18. Nf5 Qf6 19. Qg4 $1 {This strong sequence of
moves leads to a winning position for white. It was very important to play
energetically here, before black is able to complete his development.} Nc5 20.
Bxc5 bxc5 21. Nxg7 $1 {Taking advantage of black's lack of harmony.} Qxg7 22.
Qd7 Ba7 23. Qxb7 c4 24. Nd5 $1 {White is a pawn up with a better position. but
there is still work to do. My technique left something to be desired.} Reb8 25.
Qc6 $6 cxb3 26. axb3 Kh8 27. Kh1 Rg8 28. Rc2 Rad8 29. Nf6 $6 Rgf8 30. Nxe4 Bxe3
31. Qxa6 Bxf4 $1 {[#] Here I realized that I had lost the lion's share of my
advantage. Now a decision loomed: do I take on f4, allowing him to regain my
knight and leading us into a queen and rook versus queen and rook ending, or
do I ignore the bishop, and play with the knight versus the bishop? After
regaining my composure, I realized that the first option should still give
good winning chances because of my extra passed pawn and his weak king. Both
features are accentuated if the minor pieces are traded, and because I believe
in Capablanca's principle of two weaknesses, I made my move.} 32. Rxf4 $1 Rd1+
33. Rf1 Qg6 34. Qe2 Rxf1+ 35. Qxf1 Qxe4 36. Rc4 $1 Qe5 37. b4 Rb8 38. h3 Kg7
39. Rg4+ Kf8 40. Rf4 Rb7 41. b5 {I want to play Rf4-b4 now to put the rook
behind the pawn.} Ra7 {The pawn on b5 was immune.} (41... Qxb5 $2 42. Rxf7+ $18
) (41... Rxb5 $2 42. Rxf7+ Kg8 43. Rd7 $1 $18 {[%cal Gf1f7,Gf1c4,Gd7d8]}) 42.
Rb4 Ra3 $1 {[#]} 43. Qd1 $6 {I thought this was very clever, stopping all the
tricks, but Black has an amazing defensive try.} ({The engine might not agree,
but} 43. Rb1 $1 Qe4 44. Kh2 Qe5+ 45. Kg1 Qd4+ 46. Qf2 {was cleanest.}) ({
The neat point of 42...Ra3 was} 43. b6 $2 Rxh3+ $1 44. gxh3 Qd5+ 45. Qg2 Qd1+
46. Kh2 (46. Qg1 Qd5+) 46... Qd6+ {with a draw.}) 43... Ra1 $6 {Missing the
best chance.} (43... Ke7 $3 {might not save the game, but it poses big
problems for me.} 44. b6 (44. Rb1 Qe4 $1) 44... Rd3 $3 45. Qxd3 Qe1+ 46. Kh2
Qxb4 47. Qe3+ Kd7 {Where black is still alive and kicking, and it's not so
easy to win for me.}) ({Other ideas don't work as well:} 43... h5 44. b6 Re3
45. Rb1 Qe4 46. Qd8+ {is winning, and}) (43... Rd3 {also fails after} 44. Qxd3
Qe1+ 45. Kh2 Qxb4 46. Qd8+ Kg7 47. Qb8 {[%cal Gb5b6,Gb8c7,Gb6b7] .}) 44. Rb1
Ra3 45. b6 Rxh3+ {Desperation, but everything else loses anyway.} 46. gxh3 Qe4+
{This looks menacing, but I calculated that I can get out of checks here.} 47.
Kg1 Qe3+ 48. Kg2 Qe4+ 49. Kf2 Qh4+ 50. Ke3 Qh6+ 51. Kd4 Qd6+ 52. Kc4 Qc6+ 53.
Kb4 Qxb6+ 54. Ka3 Qc5+ 55. Rb4 Qc3+ 56. Rb3 Qa5+ 57. Kb2 Qe5+ 58. Rc3 Qb5+ 59.
Qb3 Qe2+ 60. Rc2 1-0

[Event "121st U.S. Open"]
[Site "Cherry Hill"]
[Date "2021.08.07"]
[Round "8.2"]
[White "Matviishen, Viktor"]
[Black "Bruzon Batista, Lazaro"]
[Result "1-0"]
[WhiteElo "2575"]
[BlackElo "2734"]
[PlyCount "108"]
[EventDate "2021.07.31"]
[EventType "swiss"]
[EventRounds "9"]
[EventCountry "USA"]
[SourceTitle "CL 11.2021"]
[SourceDate "2021.11.01"]
[SourceVersion "1"]
[SourceVersionDate "2021.11.01"]
[SourceQuality "1"]

1. d4 Nf6 2. c4 e6 3. Nf3 d5 4. g3 Bb4+ 5. Bd2 Bd6 6. Nc3 O-O 7. Bg5 Be7 8.
Bxf6 Bxf6 9. cxd5 exd5 10. Bg2 c6 11. O-O a5 12. e3 Nd7 13. Ne1 Be7 14. Nd3 Nf6
15. Na4 Bd6 16. Rc1 Re8 17. Nac5 h5 18. h4 Re7 19. a3 Bf5 20. Nf4 g6 21. b4
axb4 22. axb4 Ra2 23. Qb3 Qa8 24. b5 Bxf4 25. exf4 cxb5 26. Qxb5 Kg7 27. Qb6
Ree2 28. Rce1 Rxe1 29. Rxe1 Ra1 30. Rf1 Rxf1+ 31. Bxf1 Qa1 32. Qxb7 Qxd4 33.
Qb6 Qa1 34. Nb3 Qb2 35. Qe3 Qb1 36. Nd2 Qd1 37. f3 Bh3 38. Kf2 Bxf1 39. Nxf1 d4
40. Qd2 Qa4 41. f5 Qc4 42. fxg6 fxg6 43. Qe2 Qc5 44. Nd2 d3+ 45. Qe3 Qc3 46.
Qe7+ Kg8 47. Qe6+ Kg7 48. Ke3 g5 49. hxg5 Qc5+ 50. Kf4 Nd5+ 51. Ke4 Qe3+ 52.
Kxd5 Qxd2 53. Qf6+ Kg8 54. Kd6 Qb4+ 1-0

[Event "121st U.S. Open"]
[Site "Cherry Hill"]
[Date "2021.08.07"]
[Round "8.11"]
[White "Vanapalli, Vishnu"]
[Black "Benjamin, Joel"]
[Result "1-0"]
[WhiteElo "2208"]
[BlackElo "2577"]
[PlyCount "99"]
[EventDate "2021.07.31"]
[EventType "swiss"]
[EventRounds "9"]
[EventCountry "USA"]
[SourceTitle "CL 11.2021"]
[SourceDate "2021.11.01"]
[SourceVersion "1"]
[SourceVersionDate "2021.11.01"]
[SourceQuality "1"]

1. c4 e5 2. g3 Nf6 3. Bg2 c6 4. Nf3 e4 5. Nd4 d5 6. cxd5 Qxd5 7. e3 Qe5 8. d3
Bb4+ 9. Bd2 Bxd2+ 10. Nxd2 exd3 11. O-O O-O 12. Nc4 Qc5 13. Rc1 Rd8 14. Qxd3
Na6 15. Rfd1 Bg4 16. f3 Bh5 17. Qa3 Qxa3 18. bxa3 Rab8 19. Rb1 Nd5 20. Rd2 Bg6
21. Rc1 f6 22. Bf1 Ndc7 23. a4 Nc5 24. a5 Bf7 25. Kf2 g6 26. e4 Kf8 27. Ke3 Na4
28. Nb2 Nxb2 29. Rxb2 Ne6 30. Nxe6+ Bxe6 31. Rcb1 Rd7 32. Ba6 Rbd8 33. Rxb7
Bxa2 34. Rc1 Rxb7 35. Bxb7 Rd7 36. a6 Rc7 37. Kd4 Ke7 38. Rxc6 Rxc6 39. Bxc6
Kd6 40. Bd5 Bb1 41. Bb3 Kc6 42. e5 fxe5+ 43. Kxe5 Kb5 44. f4 Kxa6 45. g4 Kb6
46. Kd6 a5 47. Be6 h5 48. f5 Bxf5 49. Bxf5 a4 50. g5 1-0

[Event "121st U.S. Open"]
[Site "Cherry Hill"]
[Date "2021.08.08"]
[Round "9.1"]
[White "Gledura, Benjamin"]
[Black "Lenderman, Alex"]
[Result "1/2-1/2"]
[WhiteElo "2714"]
[BlackElo "2682"]
[Annotator "Lenderman"]
[PlyCount "67"]
[EventDate "2021.07.31"]
[EventType "swiss"]
[EventRounds "9"]
[EventCountry "USA"]
[SourceTitle "CL 11.2021"]
[SourceDate "2021.11.01"]
[SourceVersion "1"]
[SourceVersionDate "2021.11.01"]
[SourceQuality "1"]

1. e4 e6 2. d4 d5 3. exd5 {A real surprise. I definitely didn't expect my
opponent to play the Exchange variation in a must-win game.} exd5 4. Nf3 Nf6 5.
Bd3 Bd6 6. Qe2+ {The modern approach, tried by Carlsen in several games, after
which it became more popular.} Be7 ({The main line these days is} 6... Be6 {
, but I didn't know the theory deeply here. After} 7. Ng5 Qe7 8. Nxe6 fxe6 9.
c3 {White can play for a small edge with the bishop pair.}) ({Carslen beat
strong players like Akobian and Meier after} 6... Qe7 7. Qxe7+ Kxe7 (7... Bxe7
8. O-O) 8. O-O {.}) 7. O-O O-O 8. Re1 Re8 9. Bg5 Be6 10. Nbd2 {I didn't really
want to get into this kind of passive position, but I was happy to find good
ways to solve my small problems early on.} h6 $5 {Putting the question to his
bishop, and I will choose my plan based on how he answers it.} 11. Bh4 {
The alternatives pose no problems for Black:} (11. Be3 Bd6 {[%cal Gb8d7]}) (11.
Bf4 c5) 11... Nc6 $5 {I liked this idea too, which harbors a deep idea.} ({
My original intention was to force the exchange of bishops with} 11... Nh5 12.
Bxe7 Qxe7 {but after} 13. Qe3 {[%cal Gc2c3] I realized that he still has
unpleasant pressure.}) (11... c5 12. dxc5 Bxc5 13. Nb3 {also felt wrong to me
as I give up the d4-square.}) 12. Bb5 {Played after long thought.} ({We see
the point of 11...Nc6 after the natural} 12. c3 Nh5 13. Bxe7 (13. Bg3 $5 Nxg3
14. hxg3 Bf8 15. Qd1 {might be something for White, since my pieces lack
harmony.}) 13... Rxe7 {[%cal Gc6e7] and because my e7-rook is protected, I
will be able to activate or exchange my bad bishop with ...Bf5 or ...Bg4 ideas.
}) 12... Bd7 13. Bxc6 Bxc6 14. Ne5 Bd7 15. Qf3 Be6 16. c3 c6 17. Ng6 {Trying
to change the course of action, but perhaps not ultimately best.} Bd6 18. Bxf6
Qxf6 19. Qxf6 gxf6 20. Nh4 {[%csl Gf5][%cal Gd2f1,Gf1e3] [#] Gledura finds an
interesting way to unbalance the game in a must-win game, but I was also happy
with this, as I generally believe in two bishops in an endgame.} f5 $1 {
I knew his plan was Nf1-e3, so I tried to prevent that. The idea is 21.Nf1 f4!.
} 21. Re2 f6 22. Rae1 Kf7 23. Nb3 b6 24. Nc1 c5 $1 {Not waiting for White to
play Nc1-d3, g2-g3, and Nh4-g2 to start pressing. I wanted to make sure I
played principled chess, to play for a win and not a draw, even if a draw
would win me the tournament.} 25. dxc5 $6 bxc5 26. Nd3 f4 27. g3 fxg3 28. hxg3
a5 $1 {Stopping White's only active idea, the b2-b4 push.} 29. a3 $6 a4 {
Now I fix the pawns on the queenside.} 30. Ng2 Bf5 31. Rxe8 $2 (31. Rd2 {
I wasn't sure why white didn't at least try this move, which is both
objectively better, and also keeps more winning chances on the board.}) 31...
Rxe8 32. Rxe8 Kxe8 33. Ngf4 Kd7 34. Kf1 {Here Gledura offered a draw. I spent
about seven minutes trying to see if I could play for a win, but while I
figured I was better, I didn't realize just how good this position is for me.
In hindsight, I was already thinking too much about the result, and I forgot
to do a real candidate search and consider all my options. I was too focused
on the king going to the queenside, and I totally forgot about the ...h7-h5
idea, which simply wins. It's a shame that I couldn't make history with an
undefeated score, but on the whole, I couldn't be more pleased with this game
and with the tournament as a whole.} 1/2-1/2

[Event "121st U.S. Open"]
[Site "Cherry Hill"]
[Date "2021.08.08"]
[Round "9.2"]
[White "Niemann, Hans"]
[Black "Liang, Awonder"]
[Result "1-0"]
[WhiteElo "2690"]
[BlackElo "2678"]
[PlyCount "75"]
[EventDate "2021.07.31"]
[EventType "swiss"]
[EventRounds "9"]
[EventCountry "USA"]
[SourceTitle "CL 11.2021"]
[SourceDate "2021.11.01"]
[SourceVersion "1"]
[SourceVersionDate "2021.11.01"]
[SourceQuality "1"]

1. e4 c6 2. d4 d5 3. e5 Bf5 4. Nd2 e6 5. Nb3 Nd7 6. Nf3 h6 7. Be2 Qc7 8. O-O g5
9. a4 Bg7 10. a5 Ne7 11. Bd2 c5 12. Nxc5 Nxc5 13. dxc5 O-O 14. b4 Nc6 15. Ra3
a6 16. h3 Rad8 17. Bd3 Be4 18. Re1 Nxe5 19. Nxe5 Qxe5 20. Bc3 Qf4 21. g3 Qf5
22. Bxg7 Kxg7 23. Bxe4 dxe4 24. Qe2 Qxh3 25. Qxe4 Rd7 26. Rd3 Rfd8 27. Red1
Rxd3 28. Rxd3 Rxd3 29. cxd3 Qh5 30. g4 Qh3 31. Qe5+ Kf8 32. Qb8+ Ke7 33. Qxb7+
Kd8 34. Qb8+ Kd7 35. Qd6+ Ke8 36. Qg3 Qxg3+ 37. fxg3 Kd7 38. d4 1-0

[Event "121st U.S. Open"]
[Site "Cherry Hill"]
[Date "2021.08.08"]
[Round "9.7"]
[White "Shabalov, Alexander"]
[Black "Schmakel, Sam"]
[Result "0-1"]
[WhiteElo "2589"]
[BlackElo "2475"]
[PlyCount "42"]
[EventDate "2021.07.31"]
[EventType "swiss"]
[EventRounds "9"]
[EventCountry "USA"]
[SourceTitle "CL 11.2021"]
[SourceDate "2021.11.01"]
[SourceVersion "1"]
[SourceVersionDate "2021.11.01"]
[SourceQuality "1"]

1. c4 e5 2. g3 Nf6 3. Bg2 c6 4. Nf3 e4 5. Nd4 Qb6 6. Nc2 d5 7. O-O dxc4 8. Nc3
h5 9. d3 h4 10. Be3 Qa5 11. Nxe4 Nxe4 12. dxe4 hxg3 13. fxg3 Nd7 14. Qd4 Qh5
15. Rf5 Qxe2 16. Na3 Nb6 17. Raf1 Bxf5 18. exf5 Rd8 19. Qe4+ Be7 20. h4 Nd5 21.
Nxc4 b5 0-1

[Event "121st U.S. Open"]
[Site "Cherry Hill"]
[Date "2021.08.08"]
[Round "9.8"]
[White "Gorman, Dov"]
[Black "Jacobson, Brandon"]
[Result "1-0"]
[WhiteElo "2348"]
[BlackElo "2578"]
[PlyCount "109"]
[EventDate "2021.07.31"]
[EventType "swiss"]
[EventRounds "9"]
[EventCountry "USA"]
[SourceTitle "CL 11.2021"]
[SourceDate "2021.11.01"]
[SourceVersion "1"]
[SourceVersionDate "2021.11.01"]
[SourceQuality "1"]

1. Nf3 d5 2. g3 Nd7 3. d4 Nb6 4. Bg2 Bf5 5. O-O e6 6. b3 c6 7. Bb2 h6 8. Nbd2
Nf6 9. c4 Be7 10. Ne5 O-O 11. e3 Nbd7 12. f4 Bb4 13. Ndf3 Ne4 14. Nd3 Be7 15.
Qe2 Qb6 16. Rfd1 a5 17. c5 Qb5 18. Bf1 a4 19. Qg2 a3 20. Bc1 Qa5 21. Bd2 Nxd2
22. Qxd2 Qa7 23. Nde5 Nf6 24. Bd3 Ne4 25. Qc2 f6 26. Nd7 Rf7 27. Nb6 Re8 28.
Nd2 Nxd2 29. Rxd2 Bxd3 30. Rxd3 e5 31. b4 Qa6 32. Rb1 Qb5 33. Rxa3 exd4 34. Ra5
Qxa5 35. bxa5 dxe3 36. Re1 Bf8 37. Kg2 Rfe7 38. Re2 Re4 39. Nd7 R8e7 40. Nxf8
Kxf8 41. Kf3 f5 42. h3 g5 43. Qd3 d4 44. a6 bxa6 45. Qxa6 R7e6 46. a4 Kg7 47.
a5 Re7 48. Qd3 gxf4 49. gxf4 Kf6 50. Qa6 R4e6 51. Qd3 Re4 52. a6 Rg7 53. Qa3 h5
54. a7 h4 55. Re1 1-0

[Event "Barber"]
[Site "?"]
[Date "2021.08.02"]
[Round "4"]
[White "Vidyarthi, Vyom"]
[Black "Cavanah, Troy"]
[Result "1-0"]
[WhiteElo "2284"]
[BlackElo "2168"]
[Annotator "Vidyarthi"]
[PlyCount "99"]
[EventDate "2021.??.??"]
[SourceTitle "CL 11.2021"]
[SourceDate "2021.11.01"]
[SourceVersion "1"]
[SourceVersionDate "2021.11.01"]
[SourceQuality "1"]

1. Nf3 {This was my 4th round game in the Barber Middle School Tournament of
Champions against Troy Cavanah of Michigan. At this point, I had 2.5 out of 3,
and with this win, I jumped into a tie for first.} d5 2. e3 Nf6 3. c4 e6 4. b3
Nbd7 5. Bb2 c6 6. Qc2 Bd6 7. Nc3 {Until here, both of us were playing theory
in a position that has been played over 1000 times.} e5 {In an attempt to take
more space and gain control of the center, my opponent aggressively decided to
strike with e5. However, he failed to realize that he must recapture with the
knight after cxd5 and quickly found himself in an unpleasant situation.} 8.
cxd5 cxd5 9. Nb5 {Attacking the bishop while simultaneously applying more
pressure on the e5 pawn, my pieces now begin to coordinate as they aim to
undermine black's overextended center.} Bb8 10. Rc1 {Now, black is faced with
many problems as he has no good way to deal with Nc7 while saving his c8
bishop.} O-O 11. Nc7 Bxc7 12. Qxc7 Qxc7 13. Rxc7 {After many exchanges, we
reach this endgame where white continues to apply pressure on the black center
while exerting the dominance of the bishops and taking advantage of his lead
in development.} Ne8 14. Rc2 f6 15. Bb5 Rf7 16. O-O Nd6 17. Be2 Nb6 {By this
point, it seems as though my opponent has escaped the worst and may be able to
successfully develop his position. However, with my next move d4, I forced the
closed center so that I could use my advantage on the c-file.} 18. d4 e4 19.
Nd2 Bd7 20. Rfc1 Bc6 21. a4 a6 {At this moment, black is trying to claim a
fortress and attempting to lock down the only open file. If it weren't for my
next sacrifice on c6, my opponent very well may have been able to successfully
score a 1/2 point.} 22. Rxc6 bxc6 23. Rxc6 Ndc8 24. a5 Nd7 25. Ba3 {Although I
am currently down a piece and a pawn for a rook, the a6 pawn will fall shortly
and my minor pieces will begin to coordinate as they dominate the black
knights.} Na7 26. Rxa6 Nb8 27. Rb6 Nac6 28. b4 {I have now secured my two
passed pawns on the queenside and the black knights are paralyzed, trapping
the a8 rook as well. From here, my simple plan includes maneuvering my knight
by b3 to c5 and my bishop from g4 to e6.} Rc7 29. Bg4 Kf7 30. Nb3 h5 {With a
last-ditch effort to remove my bishop from the h3-c8 diagonal, I simply
ignored the pawn with Bh3 and continued my idea of Nc5 Be6.} 31. Bh3 f5 32.
Bxf5 g6 33. Bh3 g5 34. Bf5 {Now, I have simply won an extra pawn, and no
longer have anything stopping me from completing my plan. Black pieces are
practically stuck, and the coordination of my pieces are unstoppable.} Ne7 35.
Be6+ Kg7 36. Nc5 Rc6 37. Rb7 Kf6 {At this point, I decided that it was time to
cash in and simply claim a two pawn advantage. With my next move b5, I trade
down a bunch of pieces and end up in a completely winning endgame.} 38. b5 Rxa5
39. bxc6 Rxa3 {[#]} 40. g4 {Importantly, I stop the threat of back rank
checkmate and end up with a two pawn advantage. From here, I comfortably
converted the full point to put myself at 3.5/4 going into the final two
rounds.} Nbxc6 41. gxh5 Rc3 42. Bd7 Na5 43. Rb6+ Kg7 44. h6+ Kh7 45. Rf6 Nc4
46. Rf7+ Kxh6 47. Rxe7 Rc1+ 48. Kg2 Nd2 49. Bf5 g4 50. Ne6 {1-0} 1-0